Carregando...

The Republic

Detalhes bibliográficos
Principais autores: Lee, Desmond, Plato
Formato: Printed Book
Idioma:English
Publicado em: London, Penguin Books
1997
coleção:Penguin Classics
Assuntos:
LEADER 004970000a22001930004500
020 |a 0140440488 
041 |a eng 
082 |a 320 M7 
100 |a Lee, Desmond  |f Tr  |9 125426 
100 |a Plato  |9 13982 
245 |a The Republic 
260 |a London, Penguin Books 
260 |a 1997 
490 |a Penguin Classics 
650 |a Plato  |9 13982 
650 |a Republic  |9 125427 
942 |c BK 
999 |c 169636  |d 169632 
952 |0 0  |1 0  |4 0  |7 0  |9 168039  |a SPS  |b SPS  |d 2019-04-16  |l 0  |p SPS02362  |r 2019-04-16  |w 2019-04-16  |y BK